Statistics for Countries of Europe by Flags Quiz

Click here to take the quiz!

General Stats

  • This quiz has been taken 1,671 times
  • The average score is 35 of 44

Answer Stats

Answer% Correct
United Kingdom
100%
France
96%
Italy
96%
Ireland
95%
Russia
94%
Greece
92%
Sweden
92%
Germany
91%
Finland
90%
Norway
90%
Spain
90%
Switzerland
89%
Denmark
88%
Netherlands
88%
Poland
88%
Belgium
87%
Iceland
87%
Cyprus
84%
Albania
83%
Ukraine
80%
Vatican City
79%
Hungary
78%
Portugal
78%
Austria
77%
North Macedonia
77%
Bulgaria
76%
Croatia
76%
Czech Republic
76%
Romania
75%
Malta
74%
Kosovo
73%
Slovakia
73%
Estonia
72%
Serbia
72%
Bosnia & Herzegovina
71%
Slovenia
71%
Luxembourg
68%
Monaco
68%
San Marino
67%
Belarus
66%
Latvia
65%
Andorra
59%
Montenegro
59%
Moldova
57%

Score Distribution

Percentile by Number Answered

Percent of People with Each Score

Your Score History

You have not taken this quiz